AH International Schools' Libraries

Paddington Treasury (Record no. 48901)

MARC details
000 -LEADER
fixed length control field 00422nam a22001217a 4500
008 - FIXED-LENGTH DATA ELEMENTS--GENERAL INFORMATION
fixed length control field 250507b |||||||| |||| 00| 0 eng d
020 ## - INTERNATIONAL STANDARD BOOK NUMBER
International Standard Book Number 9780395905074
100 ## - MAIN ENTRY--PERSONAL NAME
Personal name Michael Bond (Author), Peggy Fortnum (Illustrator), Caroline Nuttall-Smith (Illustrator)
9 (RLIN) 86287
245 ## - TITLE STATEMENT
Title Paddington Treasury
260 ## - PUBLICATION, DISTRIBUTION, ETC. (IMPRINT)
Place of publication, distribution, etc Boston
Name of publisher, distributor, etc Houghton Mifflin Harcourt
Date of publication, distribution, etc 1999
300 ## - PHYSICAL DESCRIPTION
Extent 373 p
Other physical details col. ill.
Dimensions 8.75 x 1.5 x 11.25 inches
942 ## - ADDED ENTRY ELEMENTS (KOHA)
Source of classification or shelving scheme
Holdings
Withdrawn status Lost status Source of classification or shelving scheme Damaged status Not for loan Collection code Home library Current library Date acquired Total Checkouts Full call number Barcode Date last seen Price effective from Koha item type
          Siem Reap Asian Hope Siem Reap Asian Hope Siem Reap 05/07/2025   FIC MIC 208201 05/07/2025 05/07/2025 Book

For any Logos Library related questions please contact Miss Art at swongnarasuk@asianhope.org.

For any Asian Hope Library related questions please contact Miss Raza at graza@asianhope.org.

Powered by Koha